Die Top 20 Länder die die meisten nicht kennen - Statistiken

Allgemein
  • Dieses Quiz wurde 145 mal gespielt
  • Das Durchschnittsergebnis liegt bei 14 aus 20
Antwortstatistiken
Hint Antwort % Korrekt
24% St. Lucia
84%
20% St. Kitts und Nevis
83%
20% St. Vincent und die Grenadinen
83%
20% Palau
82%
16% Nauru
81%
20% Tuvalu
80%
19% Marshallinseln
79%
18% Vanuatu
79%
17% Salomonen
75%
24% Dominica
74%
17% Grenada
74%
19% Samoa
72%
21% Tonga
72%
19% Komoren
71%
18% São Tomé und Príncipe
71%
19% Antigua und Barbuda
68%
18% Kiribati
68%
23% Osttimor
66%
24% Dschibuti
48%
24% Sierra leone
21%
Keine übereinstimmenden Quizze gefunden
Verteilung der Resultate
Anzahl Personen mit jedem Resultat
Perzentil nach korrekt beantworteten Fragen
Ihre Resultats-Entwicklung
Sie haben dieses Quiz noch nicht gespielt